000 00969nam a22002177a 4500
999 _c1159
_d1159
003 AR-CdUCM
008 190226b ||||| |||| 00| 0 spa d
040 _aMUNICIPALIDAD PROVINCIAL DEL CUSCO
_cBIBLIOTECA MUNICIPAL DEL CUSCO
082 _a370.3 /
_bH79
100 _aHoxha, Enver
_94540
245 _aSobre la mayor Revolucionarización del partido y de toda la vida del País :
_bDiscursos (1969-1970) /
260 _aTirana - Albania :
_bNaim Frasheri,
_c1971.
300 _a356 páginas ;
_bfotografía,
_c16 cm.
500 _aProletarios de todos los Países, Uníos.
505 _aContenido: Método y estilo de trabajo leninista revolucionaria -- Carácter ideológico de las murmuraciones -- Los derechos y la libertad de las mujeres y de los jóvenes -- 25 años de lucha y de victorias en el camino del socialismo ...
650 _aLeninismo
_9845
650 _aSiglo XX
_98
650 _aNacimiento de Lenin
_94541
942 _2ddc
_cLIBROS
945 _aachl